000 00675nam a2200205Ii 4500
003 JO-AjNU
008 230605s9999||||xx |||||||||||||| ||und||
020 _a2-7451-0813-1
040 _aJO-AjNU
_bara
_erda
_cJO-AjNU
041 _aara
050 1 4 _aPJ7745.B8.A17 2000
100 3 _aشرحه محمد،يوسف الشيخ,
_eauthor
_911596
245 0 0 _aديوان البحتري، الجزء الأول
264 3 1 _aبيروت:دار الكتب العلمية،2000
300 _aج1، 392ص
336 _atext
_btxt
_2rdacontent
337 _aunmediated
_bn
_2rdamedia
338 _avolume
_bnc
_2rdacarrier
650 4 _a شعر عباسي - تاريخ و نقد
_911597
999 _aA2406
_c5974
_d5974